[Event "4NCL/Div3/SSC vs. BRI2"]
[Site "Sunningdale ENG"]
[Date "2008.10.19"]
[Round "2.1"]
[White "Graham, David B"]
[Black "Dilleigh, Stephen P"]
[Result "1/2-1/2"]
[WhiteElo "2209"]
[BlackElo "2147"]
[PlyCount "96"]
[EventDate "2008.10.19"]
[SourceDate "2008.10.04"]

1. e4 e6 2. d4 d5 3. e5 c5 4. Nf3 Nc6 5. Bd3 cxd4 6. O-O Nge7 7. Bf4 Ng6 8. Bg3
f6 9. Nbd2 Ngxe5 10. Nxe5 fxe5 11. Qh5+ Kd7 12. Bxe5 Nxe5 13. Qxe5 Qf6 14. Bb5+
Kd8 15. Nf3 a6 16. Ba4 Qxe5 17. Nxe5 Kc7 18. c3 d3 19. Rad1 b5 20. Bb3 Bd6 21.
Rfe1 Rf8 22. Rxd3 Bd7 23. Bd1 Rae8 24. Nxd7 Kxd7 25. Bg4 Rf4 26. h3 Bc5 27.
Rxd5+ Kc6 28. Rd2 Rf6 29. Red1 Re7 30. Bf3+ Kc7 31. b4 Bb6 32. Rd6 e5 33. Rxf6
gxf6 34. Be4 h6 35. Kf1 Rd7 36. Rxd7+ Kxd7 37. Ke2 a5 38. Kf3 axb4 39. cxb4 Bd4
40. Kg4 Bxf2 41. Kh5 Be3 42. Kg6 Bd2 43. Kxf6 Bxb4 44. Bd3 Kc6 45. Kxe5 Bd2 46.
Kf5 b4 47. g4 Kd6 48. h4 Ke7 1/2-1/2

[Event "4NCL/Div3/SSC vs. BRI2"]
[Site "Sunningdale ENG"]
[Date "2008.10.19"]
[Round "2.2"]
[White "Humphreys, Jerry"]
[Black "Salimbeni, George"]
[Result "1-0"]
[WhiteElo "2067"]
[BlackElo "2103"]
[PlyCount "61"]
[EventDate "2008.10.19"]
[SourceDate "2008.10.04"]

1. c4 Nf6 2. g3 g6 3. Bg2 d5 4. cxd5 Nxd5 5. Nc3 Nb6 6. Nf3 Bg7 7. O-O O-O 8.
d3 Nc6 9. Bd2 e5 10. Qc2 Re8 11. Rac1 Bg4 12. Be3 Ne7 13. h3 Bd7 14. Rfd1 Nf5
15. Bc5 Bc6 16. e4 Nd7 17. exf5 Nxc5 18. Ne2 Na6 19. d4 e4 20. Ne5 Bd5 21. fxg6
hxg6 22. Nc3 f5 23. Nxd5 Qxd5 24. Bf1 b5 25. Nxg6 Bxd4 26. Nf4 Qe5 27. Qb3+ Kg7
28. Rc6 e3 29. Rg6+ Kh8 30. Qf7 exf2+ 31. Kh2 1-0

[Event "4NCL/Div3/SSC vs. BRI2"]
[Site "Sunningdale ENG"]
[Date "2008.10.19"]
[Round "2.3"]
[White "Fryer, David W"]
[Black "Bass, John W"]
[Result "1/2-1/2"]
[WhiteElo "2072"]
[BlackElo "2099"]
[PlyCount "54"]
[EventDate "2008.10.19"]
[SourceDate "2008.10.04"]

1. e4 c5 2. Qh5 e6 3. f4 Nf6 4. Qf3 d5 5. d3 Nc6 6. c3 Be7 7. g4 dxe4 8. dxe4
Nd7 9. Ne2 b6 10. Bg2 Bb7 11. O-O Qc7 12. Na3 a6 13. Ng3 O-O-O 14. Qe2 Kb8 15.
Be3 g6 16. e5 f5 17. Rfd1 Na5 18. Bxb7 Qxb7 19. Rab1 b5 20. h3 Nb6 21. Bd2 Nac4
22. Nxc4 Nxc4 23. Be1 Rxd1 24. Rxd1 Rd8 25. Rxd8+ Bxd8 26. b3 Nb6 27. Qd2 Qd5
1/2-1/2

[Event "4NCL/Div3/SSC vs. BRI2"]
[Site "Sunningdale ENG"]
[Date "2008.10.19"]
[Round "2.4"]
[White "Littlejohns, David P"]
[Black "Grant, David"]
[Result "1/2-1/2"]
[WhiteElo "2066"]
[BlackElo "2014"]
[PlyCount "87"]
[EventDate "2008.10.19"]
[SourceDate "2008.10.04"]

1. e4 d6 2. d4 Nf6 3. Nc3 Nbd7 4. Nf3 e5 5. dxe5 dxe5 6. Bc4 Bb4 7. Bd2 O-O 8.
O-O c6 9. Re1 Qc7 10. h3 b5 11. Bb3 a5 12. a4 Bxc3 13. Bxc3 b4 14. Bd2 Nc5 15.
c3 Rb8 16. cxb4 axb4 17. Qc2 Nxb3 18. Qxb3 c5 19. Qc2 c4 20. a5 Ba6 21. Be3 Rb5
22. Bb6 Qc6 23. Nh2 b3 24. Qb1 Bb7 25. f3 Nh5 26. Qc1 Nf4 27. Qd2 Rc8 28. Ng4
Nd3 29. Qc3 h5 30. Ne3 Nxe1 31. Rxe1 Qe6 32. Rd1 g6 33. Rd2 Qe7 34. Nd1 Ba6 35.
Qe3 Rb8 36. Nc3 R5xb6 37. axb6 Qe6 38. Nd5 Bb5 39. Qc5 Ba6 40. Qc7 Rb7 41. Qd8+
Kg7 42. Qa8 c3 43. Nxc3 Qxb6+ 44. Kh2 1/2-1/2

[Event "4NCL/Div3/SSC vs. BRI2"]
[Site "Sunningdale ENG"]
[Date "2008.10.19"]
[Round "2.5"]
[White "Michaud, Gerald"]
[Black "Varley, Ed"]
[Result "0-1"]
[WhiteElo "2052"]
[BlackElo "1910"]
[PlyCount "50"]
[EventDate "2008.10.19"]
[SourceDate "2008.10.04"]

1. d4 d5 2. c4 c6 3. Nc3 Nf6 4. Bg5 Ne4 5. Bf4 Nxc3 6. bxc3 dxc4 7. Bxb8 Rxb8
8. Qa4 b5 9. Qxa7 Bd7 10. Qa3 e5 11. Qb2 exd4 12. Nf3 dxc3 13. Qxc3 Qe7 14.
O-O-O Qa3+ 15. Qb2 Qxb2+ 16. Kxb2 g6 17. e4 Bg7+ 18. e5 Be6 19. Be2 O-O 20.
Rhe1 Ra8 21. Bf1 b4 22. Nd4 c3+ 23. Kb1 Rxa2 24. Nxe6 Rb2+ 25. Kc1 fxe6 0-1

[Event "4NCL/Div3/SSC vs. BRI2"]
[Site "Sunningdale ENG"]
[Date "2008.10.19"]
[Round "2.6"]
[White "Jennings, Michael"]
[Black "Payne, Matthew"]
[Result "1/2-1/2"]
[WhiteElo "1745"]
[BlackElo "1865"]
[PlyCount "124"]
[EventDate "2008.10.19"]
[SourceDate "2008.10.04"]

1. e4 e6 2. d4 d5 3. Nd2 c5 4. c3 Nc6 5. Ngf3 Nf6 6. Bd3 cxd4 7. cxd4 Qb6 8.
exd5 exd5 9. Nb3 Bd6 10. O-O O-O 11. Bg5 Ne4 12. Be3 f5 13. Be2 f4 14. Bd2 Bd7
15. Re1 Rf6 16. Bc3 Rh6 17. Bd3 Re8 18. Nbd2 Bf5 19. Qc2 Rhe6 20. Kf1 Na5 21.
b3 Bb4 22. Bxb4 Qxb4 23. a3 Nxd2+ 24. Nxd2 Bxd3+ 25. Qxd3 Rxe1+ 26. Rxe1 Rxe1+
27. Kxe1 Qxa3 28. Qb5 Qe7+ 29. Kd1 Qd8 30. b4 Nc6 31. Qxb7 Qb6 32. Qd7 Kf8 33.
Qf5+ Ke7 34. Qxd5 Nxd4 35. Qg5+ Qf6 36. Qc5+ Qd6 37. Qxa7+ Ke6 38. Qc5 Qxc5 39.
bxc5 Kd5 40. c6 Kxc6 41. Ne4 Kd5 42. f3 h6 43. Kd2 Ke5 44. Nf2 h5 45. Nd3+ Kf5
46. Nf2 g5 47. h3 Nc6 48. Ne4 Ne5 49. Nf2 Ng6 50. Ke1 Ne7 51. Kf1 Nd5 52. Ne4
Nf6 53. Nf2 Ke5 54. Ke2 Kf5 55. Nd3 Nd5 56. Kf2 Ne3 57. Nc5 g4 58. hxg4+ hxg4
59. fxg4+ Kxg4 60. Nd3 Nd1+ 61. Ke1 f3 62. gxf3+ Kxf3 1/2-1/2

[Event "4NCL/Div3/GUI4 vs. AMCAH"]
[Site "Sunningdale ENG"]
[Date "2008.10.19"]
[Round "2.1"]
[White "Anderton, Matthew N"]
[Black "Davda, Rahil"]
[Result "1-0"]
[WhiteElo "2232"]
[BlackElo "1821"]
[PlyCount "39"]
[EventDate "2008.10.19"]
[SourceDate "2008.10.04"]

1. e4 c5 2. c3 Nc6 3. d4 cxd4 4. cxd4 d5 5. exd5 Qxd5 6. Nf3 Nf6 7. Nc3 Qd6 8.
d5 Ne5 9. Nb5 Nxf3+ 10. Qxf3 Qb4+ 11. Bd2 Qxb2 12. Bc3 Qc2 13. Bd3 Qa4 14. Nc7+
Kd8 15. Nxa8 Bg4 16. Qg3 Nxd5 17. Qb8+ Bc8 18. Rc1 e6 19. Bf6+ gxf6 20. Rxc8+
1-0

[Event "4NCL/Div3/GUI4 vs. AMCAH"]
[Site "Sunningdale ENG"]
[Date "2008.10.19"]
[Round "2.2"]
[White "Marley, Andrew"]
[Black "Richardson, Keith B"]
[Result "1/2-1/2"]
[WhiteElo "1805"]
[BlackElo "2194"]
[PlyCount "50"]
[EventDate "2008.10.19"]
[SourceDate "2008.10.04"]

1. d4 g6 2. e4 Bg7 3. Nc3 d6 4. Nf3 Nc6 5. Be3 Nf6 6. Be2 O-O 7. h3 a6 8. Qd2
b5 9. a3 b4 10. axb4 Nxb4 11. O-O Bb7 12. Bd3 Nxd3 13. cxd3 Nd7 14. b4 e5 15.
dxe5 Nxe5 16. Nxe5 dxe5 17. Rfd1 Re8 18. f3 Bf8 19. Rab1 Bc6 20. d4 exd4 21.
Bxd4 Qh4 22. Bf2 Qf6 23. Bd4 Qh4 24. Bf2 Qf6 25. Bd4 Qh4 1/2-1/2

[Event "4NCL/Div3/GUI4 vs. AMCAH"]
[Site "Sunningdale ENG"]
[Date "2008.10.19"]
[Round "2.3"]
[White "Chipanga, Takaedza"]
[Black "Periasamymanjula, Mani"]
[Result "1/2-1/2"]
[WhiteElo "2146"]
[BlackElo "1704"]
[PlyCount "41"]
[EventDate "2008.10.19"]
[SourceDate "2008.10.04"]

1. d4 d5 2. Nf3 Nf6 3. c4 c6 4. g3 Bf5 5. Nbd2 e6 6. Bg2 Bd6 7. O-O Nbd7 8. b3
Nf8 9. Bb2 h5 10. Re1 Ne4 11. cxd5 exd5 12. Ne5 h4 13. Nxe4 Bxe4 14. Bxe4 dxe4
15. Qc2 e3 16. Qf5 exf2+ 17. Qxf2 Bxe5 18. dxe5 hxg3 19. hxg3 Ne6 20. Kg2 Qd2
21. Rab1 1/2-1/2

[Event "4NCL/Div3/GUI4 vs. AMCAH"]
[Site "Sunningdale ENG"]
[Date "2008.10.19"]
[Round "2.4"]
[White "Andreev, Peter"]
[Black "Punnett, Alan K"]
[Result "0-1"]
[WhiteElo "1765"]
[BlackElo "2102"]
[PlyCount "50"]
[EventDate "2008.10.19"]
[SourceDate "2008.10.04"]

1. e4 e6 2. d3 d5 3. Nd2 Nf6 4. g3 dxe4 5. dxe4 Bc5 6. h3 Nc6 7. Bg2 e5 8. Ngf3
h6 9. O-O Be6 10. c3 Qd7 11. Kh2 Bb6 12. Qc2 g5 13. Ne1 Rd8 14. b4 a5 15. b5
Ne7 16. a4 Ng6 17. Ba3 Qxd2 18. Qxd2 Rxd2 19. Bc1 Rd7 20. Be3 Bc4 21. Rg1 Bxe3
22. fxe3 Ke7 23. Nf3 Rhd8 24. Rge1 Bd3 25. Nd2 Bc2 0-1

[Event "4NCL/Div3/GUI4 vs. AMCAH"]
[Site "Sunningdale ENG"]
[Date "2008.10.19"]
[Round "2.5"]
[White "Stimpson, Philip M"]
[Black "Meechan, Catriona"]
[Result "1/2-1/2"]
[WhiteElo "2079"]
[BlackElo "1780"]
[PlyCount "53"]
[EventDate "2008.10.19"]
[SourceDate "2008.10.04"]

1. e4 g6 2. d4 Bg7 3. Nf3 d6 4. Nc3 Nf6 5. h3 O-O 6. Be3 c6 7. a4 Qc7 8. Bc4
Nbd7 9. O-O e5 10. dxe5 Nxe5 11. Nxe5 dxe5 12. Qe2 Re8 13. Rfd1 Be6 14. Rd2
Bxc4 15. Qxc4 Rad8 16. Rad1 Rxd2 17. Rxd2 Re7 18. Qc5 b6 {=} 19. Qd6 Rd7 20.
Qxc7 Rxc7 21. Rd8+ Bf8 22. Bh6 Nd7 23. f4 f6 24. fxe5 fxe5 25. Bxf8 Nxf8 26.
Re8 Kf7 27. Rd8 1/2-1/2

[Event "4NCL/Div3/GUI4 vs. AMCAH"]
[Site "Sunningdale ENG"]
[Date "2008.10.19"]
[Round "2.6"]
[White "Malhotra, Tarun"]
[Black "Roset, Christophe"]
[Result "0-1"]
[WhiteElo "1730"]
[BlackElo "2056"]
[PlyCount "120"]
[EventDate "2008.10.19"]
[SourceDate "2008.10.04"]

1. e4 c6 2. d4 d5 3. exd5 cxd5 4. c3 Nf6 5. Bd3 e6 6. Bf4 Bd6 7. Bxd6 Qxd6 8.
Nf3 O-O 9. Nbd2 b6 10. O-O Ba6 11. Bxa6 Nxa6 12. Re1 b5 13. a3 Nc7 14. Qe2 a5
15. b4 a4 16. Ne5 Nd7 17. Nxd7 Qxd7 18. Nf3 f6 19. Red1 Rae8 20. Rd3 Na8 21.
Re3 Re7 22. Ne1 Nb6 23. Nd3 Nc4 24. Nc5 Qd6 25. Rxe6 Rfe8 26. Rxe7 Qxe7 27.
Qxe7 Rxe7 28. g3 g5 29. Kf1 Kf7 30. Kg2 Kg6 31. Ra2 Kf5 32. h3 h5 33. Nd3 h4
34. g4+ Kg6 35. Kf3 f5 36. Nb2 Nd2+ 37. Kg2 f4 38. Nd3 f3+ 39. Kg1 Re2 40. Ra1
Nc4 41. Kf1 Kf6 42. Ne5 Nxe5 43. dxe5+ Kxe5 44. Re1 Re4 45. Re3 Rxe3 46. fxe3
Ke4 47. Kf2 {=} Kd3 48. Kxf3 Kxc3 49. e4 d4 50. Ke2 Kc2 51. e5 d3+ 52. Ke3 d2
53. e6 d1=Q 54. Ke4 Qd8 55. Kf5 Kd3 56. Kg6 Qe7 57. Kf5 Kd4 58. Kg6 Ke5 59. Kh5
Kf6 60. Kh6 Qg7+ 0-1

[Event "4NCL/Div3/WRO2 vs. PPA2"]
[Site "Sunningdale ENG"]
[Date "2008.10.19"]
[Round "2.1"]
[White "Anthony, Gareth"]
[Black "Harley, Andrew"]
[Result "1/2-1/2"]
[WhiteElo "2210"]
[BlackElo "2211"]
[PlyCount "33"]
[EventDate "2008.10.19"]
[SourceDate "2008.10.04"]

1. e4 e6 2. d4 d5 3. Nc3 Bb4 4. e5 c5 5. a3 Bxc3+ 6. bxc3 Ne7 7. Nf3 b6 8. Bb5+
Bd7 9. Bd3 Ba4 10. O-O c4 11. Be2 h6 12. Ne1 Nbc6 13. g3 Kd7 14. Ng2 Qg8 15.
Nf4 Qh7 16. Ra2 Kc7 17. Nh5 1/2-1/2

[Event "4NCL/Div3/WRO2 vs. PPA2"]
[Site "Sunningdale ENG"]
[Date "2008.10.19"]
[Round "2.2"]
[White "Bailey, Kevin"]
[Black "Shaw, Peter"]
[Result "1/2-1/2"]
[WhiteElo "2071"]
[BlackElo "2124"]
[PlyCount "39"]
[EventDate "2008.10.19"]
[SourceDate "2008.10.04"]

1. e4 e6 2. d4 d5 3. Nc3 Nf6 4. e5 Nfd7 5. Nf3 c5 6. dxc5 Bxc5 7. Bd3 Nc6 8.
Bf4 a6 9. O-O b5 10. a3 b4 11. axb4 Nxb4 12. Na4 Nxd3 13. cxd3 Be7 14. Qd2 O-O
15. b4 Bb7 16. d4 Bc6 17. Nc5 Bb5 18. Rfe1 Ra7 19. Bg5 Nb8 20. Bxe7 1/2-1/2

[Event "4NCL/Div3/WRO2 vs. PPA2"]
[Site "Sunningdale ENG"]
[Date "2008.10.19"]
[Round "2.3"]
[White "Archer, Richard"]
[Black "McCorry, Robert T"]
[Result "1/2-1/2"]
[WhiteElo "2120"]
[BlackElo "2059"]
[PlyCount "39"]
[EventDate "2008.10.19"]
[SourceDate "2008.10.04"]

1. d4 Nf6 2. c4 Nc6 3. Nc3 e5 4. d5 Ne7 5. g3 Ng6 6. Bg2 Bc5 7. Nf3 d6 8. b4
Bb6 9. Na4 c6 10. Nxb6 Qxb6 11. Qb3 cxd5 12. cxd5 Ne7 13. Nd2 O-O 14. O-O Qd4
15. e3 Qxa1 16. Bb2 Qxf1+ 17. Kxf1 Bd7 18. f4 Ng6 19. Kg1 Rfe8 20. Nc4 1/2-1/2

[Event "4NCL/Div3/WRO2 vs. PPA2"]
[Site "Sunningdale ENG"]
[Date "2008.10.19"]
[Round "2.4"]
[White "McMahon, Paul"]
[Black "Faulkes, Nick"]
[Result "1-0"]
[WhiteElo "2018"]
[BlackElo "2100"]
[PlyCount "79"]
[EventDate "2008.10.19"]
[SourceDate "2008.10.04"]

1. Nc3 c5 2. Nf3 e6 3. d4 cxd4 4. Nxd4 h6 5. g3 Nf6 6. Bg2 Bc5 7. Be3 Ng4 8.
Qd3 Nxe3 9. Qxe3 Qb6 10. O-O-O Nc6 11. Na4 Qb4 12. Nxc5 Qxc5 13. c3 O-O 14. Kb1
d5 15. f4 b5 16. Qf3 Rb8 17. e4 b4 18. Nb3 Qc4 19. exd5 bxc3 20. Qxc3 Qxc3 21.
bxc3 Na5 22. Kc2 Nc4 23. Rhe1 Na3+ 24. Kb2 Nc4+ 25. Kc2 Na3+ 26. Kc1 Bb7 27.
Be4 Nb5 28. Kb2 Rfc8 29. Rd3 {=} a5 30. dxe6 a4 31. exf7+ Kf8 32. Bxb7 Rxb7 33.
Re8+ Rxe8 34. fxe8=Q+ Kxe8 35. Nc5 a3+ 36. Kc2 Rb6 37. Nb3 Nd6 38. Rd4 Nf5 39.
Ra4 Rd6 40. Nd4 1-0

[Event "4NCL/Div3/WRO2 vs. PPA2"]
[Site "Sunningdale ENG"]
[Date "2008.10.19"]
[Round "2.5"]
[White "Lewyk, Ihor"]
[Black "Davison, Chris"]
[Result "1/2-1/2"]
[WhiteElo "2138"]
[BlackElo "2020"]
[PlyCount "111"]
[EventDate "2008.10.19"]
[SourceDate "2008.10.04"]

1. Nf3 Nf6 2. d4 b5 3. e3 a6 4. Bd3 Bb7 5. O-O d6 6. c4 bxc4 7. Bxc4 d5 8. Bb3
e6 9. Ba4+ Bc6 10. Bxc6+ Nxc6 11. Qa4 Qd7 12. Bd2 Bd6 13. Rc1 Ne7 14. Qxd7+
Nxd7 15. Bc3 O-O 16. Nbd2 Rfc8 17. Nb3 Rab8 18. Rc2 c5 19. dxc5 Nxc5 20. Nxc5
Rxc5 21. Rac1 Rbc8 22. Ne1 e5 23. Bd2 Rxc2 24. Rxc2 Rb8 25. Bc3 f6 26. Kf1 e4
27. Rd2 Be5 28. Bxe5 fxe5 29. b3 Rc8 30. Ke2 Kf7 31. f3 exf3+ 32. gxf3 Ke6 33.
Nd3 a5 34. Ne1 Nf5 35. Rc2 Rxc2+ 36. Nxc2 Kd6 37. b4 axb4 38. Nxb4 e4 39. a4
Kc5 40. Nc2 Nh4 41. fxe4 dxe4 42. Kf2 g5 43. Nd4 Kb4 44. Ne6 h6 45. h3 Nf5 46.
Nd4 Nd6 47. Kg3 Kxa4 48. Kg4 Kb4 49. Nf5 Nf7 50. Kh5 Kc4 51. Kg6 Ne5+ 52. Kxh6
Nf3 53. Kh5 Kd3 54. Kg4 Ke2 55. Ng3+ Kxe3 56. Kf5 1/2-1/2

[Event "4NCL/Div3/WRO2 vs. PPA2"]
[Site "Sunningdale ENG"]
[Date "2008.10.19"]
[Round "2.6"]
[White "Stewart, Ashley"]
[Black "Jones, Rupert W"]
[Result "1-0"]
[WhiteElo "1960"]
[BlackElo "1966"]
[PlyCount "145"]
[EventDate "2008.10.19"]
[SourceDate "2008.10.04"]

1. e4 e5 2. Nf3 Nf6 3. Nxe5 d6 4. Nf3 Nxe4 5. d3 Nf6 6. d4 Be7 7. Bd3 Bg4 8.
O-O Nc6 9. c3 d5 10. Re1 O-O 11. Bf4 Kh8 12. Nbd2 Nh5 13. Bg3 Nxg3 14. hxg3 Rb8
15. Qc2 h6 16. Kh2 Qd6 17. Bf5 Bxf5 18. Qxf5 Bf6 19. Ne5 Rbd8 20. Ndf3 Ne7 {=}
21. Qh5 Bxe5 22. Qxe5 Qxe5 23. Nxe5 f6 24. Nd3 Nf5 25. Nf4 Rf7 26. Re6 c6 27.
Rae1 Nd6 28. Re7 Kg8 29. f3 Rd7 30. R7e6 Kh7 31. Nd3 b6 32. Kg1 Kg8 33. Kf2 a5
34. b3 Kf8 35. Nf4 Kg8 36. Ng6 Kh7 37. Nf4 Kg8 38. a4 Kh7 39. Nd3 Rf8 40. Re7
Rf7 41. R7e6 Rf8 42. Nf4 Rff7 43. Nh5 Kg8 44. g4 Kh7 45. R1e2 Kg8 46. Ke1 Kh7
47. Kd1 c5 48. Nf4 cxd4 49. cxd4 b5 50. Rc2 bxa4 51. bxa4 Nb7 52. Kd2 f5 53.
gxf5 Rxf5 54. Ng6 Rdf7 55. Ne5 R7f6 56. Re7 Nd6 57. Rcc7 Rg5 58. g4 h5 59. Ke3
hxg4 60. fxg4 Nc4+ 61. Nxc4 dxc4 62. Re4 Rf1 63. Rxc4 Re1+ 64. Kf4 Rxg4+ 65.
Kxg4 Rxe4+ 66. Kf5 Re7 67. Rc5 Ra7 68. d5 Kg8 69. Ke6 Ra8 70. d6 Kf8 71. Rf5+
Kg8 72. Ke7 g6 73. Rf3 1-0

[Event "4NCL/Div3/GLOSG vs. AMCAD"]
[Site "Sunningdale ENG"]
[Date "2008.10.19"]
[Round "2.1"]
[White "Lambourne, Daniel M"]
[Black "Webb, Richard M"]
[Result "0-1"]
[WhiteElo "1986"]
[BlackElo "2259"]
[PlyCount "112"]
[EventDate "2008.10.19"]
[SourceDate "2008.10.04"]

1. c4 c5 2. Nf3 Nf6 3. Nc3 d5 4. cxd5 Nxd5 5. g3 Nc6 6. Bg2 Nc7 7. O-O e5 8. d3
Be7 9. a3 O-O 10. Qc2 Bd7 11. Bd2 Rc8 12. Ne4 Ne6 13. e3 f5 14. Nc3 Kh8 15. Ne2
Be8 16. Bc3 Qc7 17. Rad1 Bh5 18. Rde1 Rcd8 19. Nc1 Bf6 20. Qa4 Be8 21. Qc4 Bf7
22. Qa4 a6 23. b4 Rd7 24. b5 axb5 25. Qxb5 e4 26. Bxf6 exf3 27. Bxg7+ Nxg7 28.
Bxf3 Ne5 29. Bg2 Rfd8 30. f4 Nxd3 31. Rd1 Nxc1 32. Rxc1 c4 33. e4 fxe4 34. Bxe4
Qd6 35. Qb2 b5 36. Bf3 Qd4+ 37. Rf2 Qxb2 38. Rxb2 Rd3 39. Bg4 h5 40. Be2 Rd2
41. Rcc2 Rxc2 42. Rxc2 Nf5 43. Rc1 Rd2 44. Kf1 Nd4 45. Rd1 Rxd1+ 46. Bxd1 c3
47. Ke1 c2 48. Kd2 cxd1=Q+ 49. Kxd1 Kg7 50. Kc1 Kf6 51. Kb2 Nf3 52. h4 Kf5 53.
Kc3 Kg4 54. Kd3 Bg6+ 55. Ke2 Kxg3 56. Ke3 Nxh4 0-1

[Event "4NCL/Div3/GLOSG vs. AMCAD"]
[Site "Sunningdale ENG"]
[Date "2008.10.19"]
[Round "2.2"]
[White "Bonafont, Philip"]
[Black "Waterfield, John"]
[Result "1-0"]
[WhiteElo "2126"]
[BlackElo "2018"]
[PlyCount "91"]
[EventDate "2008.10.19"]
[SourceDate "2008.10.04"]

1. d4 Nf6 2. Nf3 c5 3. d5 b5 4. c4 g6 5. Nfd2 bxc4 6. e4 d6 7. Nc3 Bg7 8. Nxc4
Nbd7 9. Be2 O-O 10. O-O Nb6 11. Ne3 Bb7 12. Qc2 e6 13. dxe6 fxe6 14. e5 dxe5
15. b3 Nfd5 16. Bb2 Nxe3 17. fxe3 Qg5 18. e4 Qe3+ 19. Kh1 Rxf1+ 20. Rxf1 Rf8
21. Qd3 Qxd3 22. Bxd3 Rd8 23. Rf3 a6 24. Kg1 Rf8 {=} 25. Kf2 Rxf3+ 26. gxf3 Kf7
27. Nd1 Ke7 28. Ne3 Kd6 29. a4 Bh6 30. Bc3 Bf4 31. h3 Bc8 32. Ba5 Bxe3+ 33.
Kxe3 c4 34. Bxb6 cxd3 35. Kxd3 Kc6 36. Bd8 Kc5 37. Be7+ Kc6 38. b4 Bd7 39. Kc4
Kc7 40. b5 axb5+ 41. axb5 Bc8 42. Kc5 Bb7 43. Bd6+ Kd7 44. Bxe5 Bc8 45. Kb6 Kd8
46. Ka7 1-0

[Event "4NCL/Div3/GLOSG vs. AMCAD"]
[Site "Sunningdale ENG"]
[Date "2008.10.19"]
[Round "2.3"]
[White "Meade, Philip J"]
[Black "Purdon, Colin"]
[Result "0-1"]
[WhiteElo "2055"]
[BlackElo "2082"]
[PlyCount "80"]
[EventDate "2008.10.19"]
[SourceDate "2008.10.04"]

1. e4 Nf6 2. e5 Nd5 3. d4 d6 4. c4 Nb6 5. Nf3 g6 6. exd6 cxd6 7. b3 Bg7 8. Bb2
Nc6 9. Be2 Bg4 10. Nbd2 O-O 11. Nf1 d5 12. c5 Nc8 13. Qd2 e6 14. Ne3 Bxf3 15.
Bxf3 b6 16. O-O Qh4 17. Rfd1 N8e7 18. a3 Rad8 19. b4 bxc5 20. bxc5 Rb8 21. g3
Rxb2 22. Qxb2 Nxd4 23. Kg2 Qf6 24. Be2 Nec6 25. Rab1 Qe5 26. Bd3 Qh5 27. Qa2
Qf3+ 28. Kg1 Bh6 29. Re1 Qh5 30. Be2 Nf3+ 31. Bxf3 Qxf3 32. Qe2 Nd4 33. Qd3 Nc6
34. Qd1 Ne5 35. Ng2 Qf6 36. Re2 Rc8 37. Kf1 Nf3 38. h4 Rxc5 39. Ne3 Nd4 40. Rd2
Bxe3 0-1

[Event "4NCL/Div3/GLOSG vs. AMCAD"]
[Site "Sunningdale ENG"]
[Date "2008.10.19"]
[Round "2.4"]
[White "Duvall, Ian"]
[Black "Dodwell, Phil"]
[Result "1/2-1/2"]
[WhiteElo "2067"]
[BlackElo "2005"]
[PlyCount "70"]
[EventDate "2008.10.19"]
[SourceDate "2008.10.04"]

1. d4 f5 2. Nf3 Nf6 3. g3 e6 4. Bg2 Be7 5. O-O O-O 6. c4 d6 7. Nc3 Ne4 8. Nd2
Nxc3 9. bxc3 e5 10. Rb1 Nc6 11. e3 Qe8 12. Re1 g5 13. f4 e4 14. Ba3 g4 15. Nb3
Nd8 16. Bf1 c6 17. c5 d5 18. c4 h5 19. cxd5 cxd5 20. Na5 h4 21. Bb5 Bd7 22.
Bxd7 Qxd7 23. Nxb7 Rf6 24. Nxd8 Rxd8 25. Qe2 Kf7 26. Qb5 Qxb5 27. Rxb5 Ra6 28.
Rb3 Rh8 29. Re2 hxg3 30. hxg3 Rh3 31. Rg2 Rah6 32. Kf2 Rh1 33. Rc3 Ra1 34. Rc2
Rhh1 35. Bb4 Bd8 1/2-1/2

[Event "4NCL/Div3/GLOSG vs. AMCAD"]
[Site "Sunningdale ENG"]
[Date "2008.10.19"]
[Round "2.5"]
[White "Taylor, Geoffrey P"]
[Black "Sarpotdar, Amogh"]
[Result "1-0"]
[WhiteElo "2018"]
[BlackElo "2059"]
[PlyCount "91"]
[EventDate "2008.10.19"]
[SourceDate "2008.10.04"]

1. e4 Nf6 2. e5 Nd5 3. d4 d6 4. c4 Nb6 5. Nf3 Bg4 6. exd6 exd6 7. Be2 Be7 8.
Nc3 O-O 9. Be3 Nc6 10. b3 Bf6 11. Ne4 Re8 12. Nxf6+ Qxf6 13. O-O h6 14. Re1 a5
15. Qd2 a4 16. h3 Bf5 17. Nh2 Qg6 18. Kh1 Na5 19. Qc3 Nc6 20. b4 d5 21. c5 Nc4
22. Bf4 Re4 23. Bxc7 Rc8 24. Bg3 b5 25. Nf3 Qe6 26. Bxc4 dxc4 27. Rad1 Qd5 28.
Rxe4 Bxe4 29. Kh2 f6 30. Ne1 Re8 31. f3 Bg6 32. Rd2 Re6 33. a3 Ne7 34. Kg1 Qg5
35. Bf2 Nd5 36. Qc1 Nf4 37. g3 Re2 38. Kh2 Nd3 39. Nxd3 Rxd2 40. f4 Rxf2+ 41.
Nxf2 Qd5 42. Qe3 Kf8 43. Nd1 Qe4 44. Qxe4 Bxe4 45. Nc3 f5 46. Nxb5 1-0

[Event "4NCL/Div3/GLOSG vs. AMCAD"]
[Site "Sunningdale ENG"]
[Date "2008.10.19"]
[Round "2.6"]
[White "Tunstall, George"]
[Black "Blencowe, Ian"]
[Result "1/2-1/2"]
[WhiteElo "2017"]
[BlackElo "1780"]
[PlyCount "61"]
[EventDate "2008.10.19"]
[SourceDate "2008.10.04"]

1. d4 e6 2. c4 d5 3. Nc3 Nf6 4. cxd5 exd5 5. Bg5 c6 6. e3 Be7 7. Bd3 Be6 8. Qc2
h6 9. Bh4 Nbd7 10. Nf3 Rc8 11. O-O Qc7 12. a3 Bd6 13. Bg3 Bxg3 14. hxg3 a6 15.
b4 O-O 16. Rac1 Rfe8 17. Rfe1 Nf8 18. Na4 N6d7 19. Rb1 Qd6 20. Nc5 Nxc5 21.
bxc5 Qc7 22. Rb3 Rb8 23. Reb1 a5 24. Qb2 Re7 25. Ne5 f6 26. Ng6 Nxg6 27. Bxg6
Qd7 {=} 28. Qd2 Qc7 29. Rb6 Ra8 30. Bc2 Ra7 31. Qe2 1/2-1/2

[Event "4NCL/Div3/OXF2 vs. ICENI"]
[Site "Sunningdale ENG"]
[Date "2008.10.19"]
[Round "2.1"]
[White "Dickinson, Timothy R"]
[Black "Reynolds, D Ian"]
[Result "1-0"]
[WhiteElo "2158"]
[BlackElo "2111"]
[PlyCount "103"]
[EventDate "2008.10.19"]
[SourceDate "2008.10.04"]

1. e4 e5 2. Nf3 Nc6 3. Bb5 a6 4. Ba4 Nf6 5. O-O Be7 6. Re1 b5 7. Bb3 O-O 8. h3
Bb7 9. d3 d6 10. a3 Na5 11. Ba2 c5 12. Nc3 Bc8 13. Nd5 h6 14. c3 Re8 15. Nh2 c4
16. dxc4 bxc4 17. Nxf6+ Bxf6 18. Ng4 Bxg4 19. Qxg4 Bg5 20. Bxg5 Qxg5 21. Qe2
Rec8 22. Rad1 Qd8 23. Rd5 Rc6 24. Red1 Qb6 25. R1d2 Rb8 26. Rxa5 Qxa5 27. Bxc4
Qc7 28. Bxa6 Rc5 29. c4 Qe7 30. b4 Rc7 31. Bb5 Rcc8 32. Qd3 Rd8 33. Bc6 Qa7 34.
Qb3 g6 35. Qb2 Kg7 36. a4 Qb6 37. Bb5 f5 38. a5 Qc7 39. Qc2 fxe4 40. Rd5 e3 41.
fxe3 Rf8 42. Qe2 Rf6 43. Rd2 Rbf8 44. a6 Qb6 45. Ra2 Ra8 46. Ra3 Ra7 47. Qd3
Rf8 48. Qd5 Rc7 49. Rd3 Rf6 50. Qe4 Rf4 51. c5 dxc5 52. Qxe5+ 1-0

[Event "4NCL/Div3/OXF2 vs. ICENI"]
[Site "Sunningdale ENG"]
[Date "2008.10.19"]
[Round "2.2"]
[White "Lunn, Timothy"]
[Black "Bruce, Dave"]
[Result "1/2-1/2"]
[WhiteElo "2066"]
[BlackElo "2078"]
[PlyCount "50"]
[EventDate "2008.10.19"]
[SourceDate "2008.10.04"]

1. Nf3 Nf6 2. c4 g6 3. g3 Bg7 4. Bg2 d6 5. O-O O-O 6. Nc3 Nc6 7. Rb1 e5 8. d3
Nh5 9. b4 f5 10. Qb3 Kh8 11. b5 Ne7 12. a4 a5 13. bxa6 Rxa6 14. Bd2 Nc6 15. Nd5
Nf6 16. Rfc1 e4 17. Ne1 Nd4 18. Qd1 Nxd5 19. cxd5 Bd7 20. Rc4 Qe8 21. Bc3 Rxa4
22. e3 Rxc4 23. dxc4 Ne2+ 24. Qxe2 Bxc3 25. Rxb7 Qc8 1/2-1/2

[Event "4NCL/Div3/OXF2 vs. ICENI"]
[Site "Sunningdale ENG"]
[Date "2008.10.19"]
[Round "2.3"]
[White "Stembridge, Ed"]
[Black "Feavyour, John"]
[Result "0-1"]
[WhiteElo "2058"]
[BlackElo "2072"]
[PlyCount "80"]
[EventDate "2008.10.19"]
[SourceDate "2008.10.04"]

1. e4 c5 2. Nf3 d6 3. Bb5+ Bd7 4. Bxd7+ Qxd7 5. c3 Nf6 6. d3 g6 7. O-O Bg7 8.
Qe2 Nc6 9. Rd1 O-O 10. d4 cxd4 11. cxd4 Rac8 12. d5 Nb4 13. Nc3 Ng4 14. a3 Na6
15. h3 Nh6 16. Bf4 f6 17. Nd4 Nc7 18. a4 g5 19. Be3 a6 20. a5 e5 21. dxe6 Nxe6
22. Nf5 Rc6 23. Nd5 Nxf5 24. exf5 Nc7 25. Nb4 Qxf5 26. Nxc6 bxc6 27. Rxd6 Qe5
28. Rxc6 Kh8 29. Qc4 Nd5 30. Bb6 Nf4 31. Bc7 Qxb2 32. Ra2 Qb1+ 33. Qc1 Qxa2 34.
Bxf4 gxf4 35. Rxa6 f5 36. Qc5 f3 37. Ra7 Qa1+ 38. Kh2 Rg8 39. Qxf5 fxg2 40.
Kxg2 Bd4+ 0-1